| 000 | 00387cam a2200157ua 4500 | ||
|---|---|---|---|
| 041 |
_aeng _h |
||
| 082 |
_a671 _bMAR/ME |
||
| 100 | _aMarriott, R . | ||
| 245 |
_aMetal work for students / _cR.Marriott. _hTextual Documents |
||
| 250 |
_a2 / _b. |
||
| 260 |
_aLondon : _bMacMillan and Company Limited , _c1961. |
||
| 300 | _a224 ; . | ||
| 504 | _a | ||
| 942 | _cBK | ||
| 999 |
_c2449 _d2449 |
||